LEADER 02917oam 22007334a 450 001 9910453877303321 005 20211028114819.0 010 $a1-4473-0357-1 010 $a1-281-97549-4 010 $a9786611975494 010 $a1-84742-355-8 035 $a(CKB)1000000000707273 035 $a(EBL)419338 035 $a(OCoLC)437106669 035 $a(SSID)ssj0000247802 035 $a(PQKBManifestationID)11218844 035 $a(PQKBTitleCode)TC0000247802 035 $a(PQKBWorkID)10199985 035 $a(PQKB)11218904 035 $a(UtOrBLW)PPO00069 035 $a(MiAaPQ)EBC419338 035 $a(OCoLC)317424863 035 $a(MdBmJHUP)musev2_79757 035 $a(EXLCZ)991000000000707273 100 $a20090330d2008 uy 0 101 0 $aeng 135 $aur|||||||nn|n 181 $ctxt 182 $cc 183 $acr 200 10$aSocial work, politics and society$eFrom radicalism to orthodoxy /$fKenneth McLaughlin 210 1$aBristol, UK :$cPolicy Press,$d2008. 210 4$dİ2008. 215 $a1 online resource (193 p.) 300 $aDescription based upon print version of record. 311 $a1-84742-045-1 320 $aIncludes bibliographical references (p. 149-168) and index. 327 $aSocial work, politics and society; Contents; Acknowledgements; Introduction; 1. Understandings of and developments within social work; 2. Politicising social work; 3. 'Depoliticising' social work; 4. Agency, pathology and abuse; 5. The politics of risk and mental health; 6. The subject of stress; 7. From at risk to a risk: regulating social work; 8. Politics and social work; References; Index. 330 8 $aKenneth G. McLaughlin highlights the need for a new approach to social work that has a more optimistic view of both individuals and society, and of their capacity to overcome problems. 606 $aSocial Sciences$2hilcc 606 $aSocial Welfare & Social Work$2hilcc 606 $aSocial Welfare & Social Work - General$2hilcc 606 $aSocial service$xPolitical aspects$2fast$3(OCoLC)fst01123253 606 $aSocial service$2fast$3(OCoLC)fst01123192 606 $aSOCIAL SCIENCE$xSocial Work$2bisacsh 606 $aSocial service$xPolitical aspects 606 $aSocial service 608 $aElectronic books. 615 0$aSocial Sciences. 615 0$aSocial Welfare & Social Work. 615 0$aSocial Welfare & Social Work - General. 615 0$aSocial service$xPolitical aspects. 615 0$aSocial service. 615 0$aSOCIAL SCIENCE$xSocial Work. 615 0$aSocial service$xPolitical aspects. 615 0$aSocial service. 676 $a361.3 700 $aMcLaughlin$b Kenneth G$g(Kenneth Gerard)$0992787 801 0$bMdBmJHUP 801 1$bMdBmJHUP 906 $aBOOK 912 $a9910453877303321 996 $aSocial Work, Politics and Society$92273316 997 $aUNINA LEADER 01035cam a22002778i 4500 001 991003883889707536 008 200723s2016 mau sb 001 0 eng d 010 $a2020033697 020 $a9780262337595 035 $ab14403079-39ule_inst 040 $aBibl. Dip.le Aggr. Ingegneria Innovazione - Sez. Ingegneria Innovazione$beng 082 00$a006.31$223 100 1 $aAlpaydin, Ethem$0754614 245 10$aMachine learning$h[e-book] /$cEthem Alpaydin 264 1$aCambridge, Massachusetts :$bThe MIT Press,$c2016 300 $a1 online resource 490 1 $aFor dummies 504 $aIncludes bibliographical references and index 650 0$aMachine learning 650 0$aArtificial intelligence 856 40$uhttps://unisalento.medialibrary.it/media/scheda.aspx?id=150175815$zE-book available for digital lending on MLOL platform 907 $a.b14403079$b18-03-22$c17-09-20 912 $a991003883889707536 996 $aMachine learning$91756221 997 $aUNISALENTO 998 $ale026$b17-09-20$cm$d@ $e-$feng$gmau$h0$i0